ARRUPE JESUIT UNIVERSITY

CORONAVIRUS -STOP THE SPREAD - CLEAN,DISINFECT,COVER

Crow (Record no. 5274)

MARC details
000 -LEADER
fixed length control field 00494nam a2200217Ia 4500
003 - CONTROL NUMBER IDENTIFIER
control field 0100
008 - FIXED-LENGTH DATA ELEMENTS--GENERAL INFORMATION
fixed length control field 130227s9999 xx 000 0 und d
040 ## - CATALOGING SOURCE
Transcribing agency ARRUPELIB
050 ## - LIBRARY OF CONGRESS CALL NUMBER
Classification number PR6013.U65C7 1972
100 ## - MAIN ENTRY--PERSONAL NAME
Personal name Hughes, Ted
245 ## - TITLE STATEMENT
Title Crow
245 ## - TITLE STATEMENT
Remainder of title from the life and songs of the crow
260 ## - PUBLICATION, DISTRIBUTION, ETC. (IMPRINT)
Place of publication, distribution, etc London
260 ## - PUBLICATION, DISTRIBUTION, ETC. (IMPRINT)
Name of publisher, distributor, etc Faber and Faber
260 ## - PUBLICATION, DISTRIBUTION, ETC. (IMPRINT)
-- 1972
300 ## - PHYSICAL DESCRIPTION
Extent 89p.
300 ## - PHYSICAL DESCRIPTION
Other physical details 19cm.
650 ## - SUBJECT ADDED ENTRY--TOPICAL TERM
Topical term following geographic name as entry element Hospice
650 ## - SUBJECT ADDED ENTRY--TOPICAL TERM
Location of event Hospice (Terminal care)
942 ## - ADDED ENTRY ELEMENTS (KOHA)
Source of classification or shelving scheme Library of Congress Classification
Koha issues (borrowed), all copies 1
Holdings
Withdrawn status Lost status Source of classification or shelving scheme Damaged status Not for loan Collection code Home library Current library Shelving location Date acquired Total Checkouts Full call number Barcode Date last seen Date last borrowed Copy number Price effective from Koha item type
    Library of Congress Classification     Main Collection ARRUPE LIBRARY ARRUPE LIBRARY   27/02/2013 1 PR6013.U65C7 1972 46406926 17/03/2015 17/02/2015 1 27/02/2013 Monograph ( Printed materials)

 

Arrupe Library. PO Box MP320 Mt Pleasant, Harare, Zimbabwe
263 242 745411|librarian@aju.ac.zw